| 000 | 00735nam a22002417a 4500 | ||
|---|---|---|---|
| 003 | DO-SdBNP | ||
| 005 | 20230310132014.0 | ||
| 007 | ta | ||
| 008 | 110301s2022 dr a 000 0 spa d | ||
| 020 | _a9789945933765 | ||
| 040 |
_aDO-SdBNP _bspa _cBNPHU |
||
| 082 | 4 |
_aRD863.5 _bB142b _222 |
|
| 100 | 1 |
_aBáez, Rodolfo _975101 _d1983- |
|
| 245 | 1 | 0 |
_aBazga / _cRodolfo Báez |
| 260 |
_aSanto Domingo : _bEdiciones UME, _c2022. |
||
| 300 |
_a217 p. : _bilustraciones ; _c19 cm. |
||
| 500 | _aIncluye datos biográficos del autor : p. 216 y 217. | ||
| 590 | _aInventariado, 2022/ YL | ||
| 650 | 4 | _aCuentos dominicanos | |
| 650 | 4 | _aLiteratura dominicana | |
| 910 | _aYLockward/Validado. Control de calidad MFF | ||
| 942 |
_2ddc _cLBS1 |
||
| 999 |
_c53096 _d53096 |
||